Reduction of nickel ions in mordenites with different SiO2/Al2O3 molar ratios; The 7th International Forum on Strategic Technology (IFOST-2012), September 18-21, 2012, Tomsk

Podrobná bibliografie
Parent link:The 7th International Forum on Strategic Technology (IFOST-2012), September 18-21, 2012, Tomsk.— 2012.— [4 p.]
Další autoři: Petranovskii V., Pestryakov A. N. Aleksey Nikolaevich, Herandez M., Rivas F. C., Ulloa R. Z., Berlier G., Coluccia S., Simakov A.
Shrnutí:Title screen
The aim of present work was to study the influence of SiO2/Al2O3 molar ratio (MR) on nickel behavior in the mordenites with wide variation of MR during reduction in hydrogen flow. It was found that during reduction treatment variation of MR in mordenite from 10 to 206 influences reducibility and mobility of reduced nickel species. Stability of the reduced samples during storage in air at ambient conditions also depends on molar ratio. Variation of MR of mordenite does not change crystal structure, but results in different ionic properties. This effect is explained by variation of acidity of zeolite matrix in line with variation of chemical composition.
Режим доступа: по договору с организацией-держателем ресурса
Jazyk:angličtina
Vydáno: 2012
Témata:
On-line přístup:http://dx.doi.org/10.1109/IFOST.2012.6357577
Médium: Elektronický zdroj Kapitola
KOHA link:https://koha.lib.tpu.ru/cgi-bin/koha/opac-detail.pl?biblionumber=644330

MARC

LEADER 00000nla2a2200000 4500
001 644330
005 20240125102816.0
035 |a (RuTPU)RU\TPU\network\9395 
090 |a 644330 
100 |a 20151111d2012 k y0engy50 ba 
101 0 |a eng 
105 |a y z 100zy 
135 |a arnn ---uucaa 
181 0 |a i  
182 0 |a b 
200 1 |a Reduction of nickel ions in mordenites with different SiO2/Al2O3 molar ratios  |f V. Petranovskii [et al.] 
203 |a Text  |c electronic 
300 |a Title screen 
320 |a [References: 24 tit.] 
330 |a The aim of present work was to study the influence of SiO2/Al2O3 molar ratio (MR) on nickel behavior in the mordenites with wide variation of MR during reduction in hydrogen flow. It was found that during reduction treatment variation of MR in mordenite from 10 to 206 influences reducibility and mobility of reduced nickel species. Stability of the reduced samples during storage in air at ambient conditions also depends on molar ratio. Variation of MR of mordenite does not change crystal structure, but results in different ionic properties. This effect is explained by variation of acidity of zeolite matrix in line with variation of chemical composition. 
333 |a Режим доступа: по договору с организацией-держателем ресурса 
463 0 |0 (RuTPU)RU\TPU\network\10411  |t The 7th International Forum on Strategic Technology (IFOST-2012), September 18-21, 2012, Tomsk  |o [proceedings]  |f National Research Tomsk Polytechnic University (TPU)  |v [4 p.]  |d 2012 
610 1 |a труды учёных ТПУ 
610 1 |a электронный ресурс 
701 1 |a Petranovskii  |b V. 
701 1 |a Pestryakov  |b A. N.  |c Chemist  |c Professor of Tomsk Polytechnic University, Doctor of Chemical Science  |f 1963-  |g Aleksey Nikolaevich  |3 (RuTPU)RU\TPU\pers\30471  |4 070  |9 14796 
701 1 |a Herandez  |b M. 
701 1 |a Rivas  |b F. C. 
701 1 |a Ulloa  |b R. Z. 
701 1 |a Berlier  |b G. 
701 1 |a Coluccia  |b S. 
701 1 |a Simakov  |b A. 
801 1 |a RU  |b 63413507  |c 20130228 
801 2 |a RU  |b 63413507  |c 20151216  |g RCR 
856 4 0 |u http://dx.doi.org/10.1109/IFOST.2012.6357577 
942 |c CF